000 00985nam a2200253 i 4500
001 bg
100 1 _aSKULIMOWSKI, Andrzej M. J.
245 1 0 _aDecision support systems based on reference sets /
_cAndrzej M. J. Skulimowski.
246 1 1 _aSystemy wspomagania decyzji oparte o zastosowanie zbiorów odniesienia
260 _aKraków :
_bWydawnictwa AGH,
_c1996.
300 _a165 s. :
_bwykr. ;
_c24 cm.
490 1 _aRozprawy, Monografie / [Akademia Górniczo-Hutnicza im. S. Staszica] =
_aDissertations, Monographies,
_x0867-6631 ;
_v40
500 _aTyt. równol.: Systemy wspomagania decyzji oparte o zastosowanie zbiorów odniesienia.
500 _aIndeks.
504 _aBibliogr. s. 143-162.
650 9 _aDecyzje
_xteoria
650 9 _aOptymalizacja
_xteoria
830 0 _aRozprawy, Monografie ([Akademia Górniczo-Hutnicza im. S. Staszica]) ;
_v40
040 _cBPK
041 0 _aen
_bpl
080 _a519.8
942 _cKS
008 s pl f |000 0 pol
999 _c31488
_d31488
856 _uhttp://koha.tu.koszalin.pl/cgi-bin/koha/opac-detail.pl?biblionumber=31488
_yKatalog online BPK